| 000 | 005810000a22002290004500 | ||
|---|---|---|---|
| 003 | LK-CoMWRAF | ||
| 005 | 20231023131921.0 | ||
| 008 | 230817t2005 ||||| |||| 00| 0 eng d | ||
| 020 | _a8178982145 | ||
| 040 |
_aLK-CoMWRAF _dLK-CoMWRAF _eLK-CoMWRAF |
||
| 041 | _aeng | ||
| 082 |
_a297.4 _bERF |
||
| 100 | _aErfani, Mohammad Imran | ||
| 100 | _aKhan, Saniyasnain | ||
| 245 |
_aGoodword Islamic Studies : _bA grade course |
||
| 260 |
_aNew Delhi _bGoodword _c2005 |
||
| 300 | _a64p | ||
| 490 | _aGrade 5 | ||
| 650 | _aIslam Education | ||
| 650 | _aChildrens Book | ||
| 942 | _cBK | ||
| 999 |
_c860 _d860 |
||